[Event "Kavala op 34th"]
[Site "Kavala"]
[Date "2025.08.03"]
[Round "4"]
[White "Ambartsumian, Tyhran"]
[Black "Aaryan, Varshney"]
[Result "0-1"]
[WhiteElo "2244"]
[BlackElo "2436"]
[PlyCount "102"]
[EventDate "2025.07.28"]
[EventType "swiss"]
[EventRounds "9"]
[EventCountry "GRE"]
[SourceTitle "CB32_2025"]
[SourceDate "2025.08.06"]
[SourceVersion "1"]
[SourceVersionDate "2025.08.06"]
[SourceQuality "1"]

1. e4 e5 2. Nf3 Nc6 3. Bb5 a6 4. Ba4 Nf6 5. 0-0 Be7 6. Re1 b5 7. Bb3 d6 8. a4 Bd7 9. c3 0-0 10. d4 h6 11. Nbd2 exd4 12. cxd4 Nb4 13. Nf1 c5 14. dxc5 dxc5 15. e5 Nh7 16. axb5 Bxb5 17. Ne3 Nd3 18. Rf1 Nxc1 19. Qxc1 Bxf1 20. Qxf1 Ng5 21. Nd5 Nxf3+ 22. gxf3 Bh4 23. Ra4 Rb8 24. Qd3 Qg5+ 25. Rg4 Bxf2+ 26. Kxf2 Qxe5 27. Bc2 f5 28. f4 Qd4+ 29. Qxd4 cxd4 30. Bxf5 Rxb2+ 31. Kf3 Kh8 32. Ne7 Rb3+ 33. Kf2 Rf6 34. Ng6+ Kg8 35. Be4 Re3 36. Bf3 Kh7 37. f5 Rxf5 38. Nh4 Rf7 39. Rxd4 Re5 40. Ng2 Ref5 41. Rd3 a5 42. Ke2 g6 43. Ne1 Rf4 44. h3 h5 45. Ra3 a4 46. Bc6 Re7+ 47. Re3 Rxe3+ 48. Kxe3 Rh4 49. Nf3 Rb4 50. Nd4 a3 51. Bd5 Rb2 0-1

[Event "Kavala op 34th"]
[Site "Kavala"]
[Date "2025.08.02"]
[Round "7"]
[White "Ohanyan, Emin"]
[Black "Aaryan, Varshney"]
[Result "1/2-1/2"]
[WhiteElo "2491"]
[BlackElo "2436"]
[PlyCount "42"]
[EventDate "2025.07.28"]
[EventType "swiss"]
[EventRounds "9"]
[EventCountry "GRE"]
[SourceTitle "CB32_2025"]
[SourceDate "2025.08.06"]
[SourceVersion "1"]
[SourceVersionDate "2025.08.06"]
[SourceQuality "1"]

1. d4 d5 2. c4 c6 3. Nc3 Nf6 4. e3 g6 5. Nf3 Bg7 6. Be2 0-0 7. 0-0 Nbd7 8. a4 a5 9. cxd5 cxd5 10. Qb3 e6 11. Bd2 b6 12. Rfc1 Bb7 13. Nb5 Ne4 14. Be1 Rc8 15. Na7 Rxc1 16. Rxc1 Qa8 17. Rc7 Qxa7 18. Rxd7 Rc8 19. g3 Qb8 20. Qxb6 Bc6 21. Qxb8 Rxb8 1/2-1/2

[Event "Kavala op 34th"]
[Site "Kavala"]
[Date "2025.08.01"]
[Round "6"]
[White "Aaryan, Varshney"]
[Black "Heimann, Mark A"]
[Result "1/2-1/2"]
[WhiteElo "2436"]
[BlackElo "2513"]
[PlyCount "39"]
[EventDate "2025.07.28"]
[EventType "swiss"]
[EventRounds "9"]
[EventCountry "GRE"]
[SourceTitle "CB32_2025"]
[SourceDate "2025.08.06"]
[SourceVersion "1"]
[SourceVersionDate "2025.08.06"]
[SourceQuality "1"]

1. d4 Nf6 2. c4 e6 3. Nf3 d5 4. Nc3 Nbd7 5. Bg5 h6 6. Bh4 Bb4 7. Bxf6 Qxf6 8. Qb3 c5 9. e3 0-0 10. a3 Ba5 11. cxd5 exd5 12. Qxd5 Qb6 13. Qa2 Nf6 14. dxc5 Qxc5 15. Qc4 Qxc4 16. Bxc4 Ne4 17. b4 Bxb4 18. axb4 Nxc3 19. 0-0 Be6 20. Rfc1 1/2-1/2

[Event "Kavala op 34th"]
[Site "Kavala"]
[Date "2025.07.31"]
[Round "5"]
[White "Aaryan, Varshney"]
[Black "Jacobson, Brandon"]
[Result "1/2-1/2"]
[WhiteElo "2436"]
[BlackElo "2569"]
[PlyCount "93"]
[EventDate "2025.07.28"]
[EventType "swiss"]
[EventRounds "9"]
[EventCountry "GRE"]
[SourceTitle "CB32_2025"]
[SourceDate "2025.08.06"]
[SourceVersion "1"]
[SourceVersionDate "2025.08.06"]
[SourceQuality "1"]

1. d4 Nf6 2. c4 g6 3. Nc3 Bg7 4. e4 d6 5. Nf3 0-0 6. Be2 e5 7. 0-0 Bg4 8. dxe5 Bxf3 9. exf6 Bxe2 10. Qxe2 Qxf6 11. Nd5 Qd8 12. Be3 Re8 13. f3 c6 14. Nc3 Be5 15. Rad1 Qh4 16. g3 Qf6 17. Qd2 Qe6 18. b3 Na6 19. Bd4 Nc5 20. Rfe1 a5 21. f4 Bxd4+ 22. Qxd4 Rad8 23. Kg2 b6 24. Re2 h5 25. Qf2 Qf6 26. Qd4 Qe7 27. Qf2 Qf6 28. Qd4 Qe6 29. Qf2 Kh7 30. Rdd2 Kg7 31. Qd4+ f6 32. h3 Kh7 33. Qf2 Qf7 34. Rd4 Kg7 35. Rd1 Re6 36. Qf3 Qe8 37. g4 h4 38. f5 Re5 39. fxg6 Qxg6 40. Red2 Nxe4 41. Nxe4 Rxe4 42. Rxd6 Rxd6 43. Rxd6 Re7 44. Rd2 Qg5 45. Re2 Re5 46. Qf2 c5 47. Qf3 1/2-1/2

[Event "BAN-chT Premier"]
[Site "Dhaka"]
[Date "2025.05.02"]
[Round "9.2"]
[White "Aaryan, Varshney"]
[Black "Subas, Chakma"]
[Result "1-0"]
[WhiteElo "2395"]
[BlackElo "1820"]
[PlyCount "63"]
[EventDate "2025.04.24"]
[EventType "team-tourn"]
[EventRounds "9"]
[EventCountry "BAN"]
[SourceTitle "CB20_2025"]
[SourceDate "2025.05.14"]
[SourceVersion "1"]
[SourceVersionDate "2025.05.14"]
[SourceQuality "1"]
[WhiteTeam "Leonine CC"]
[BlackTeam "Bangladesh Police"]
[WhiteTeamCountry "BAN"]
[BlackTeamCountry "BAN"]

1. d4 d5 2. c4 e6 3. Nc3 Nf6 4. Nf3 Be7 5. Bg5 c6 6. e3 Nbd7 7. Rc1 dxc4 8. Bxc4 Nd5 9. Bxe7 Qxe7 10. 0-0 0-0 11. Bb3 Kh8 12. Re1 g5 13. h3 Rg8 14. e4 Nxc3 15. Rxc3 Qf6 16. Nh2 Qg7 17. Rg3 c5 18. e5 Qf8 19. dxc5 Nxc5 20. Bc2 f5 21. exf6 Qxf6 22. Qh5 Qe7 23. Nf3 Bd7 24. Nxg5 Be8 25. Qh4 Bg6 26. Qd4+ Rg7 27. Bxg6 hxg6 28. b4 Na6 29. Nxe6 Nxb4 30. Rxg6 Nc2 31. Rxg7 Nxd4 32. Rxe7 1-0

[Event "BAN-chT Premier"]
[Site "Dhaka"]
[Date "2025.04.30"]
[Round "7.2"]
[White "Aaryan, Varshney"]
[Black "Samsul, Arefin"]
[Result "1-0"]
[WhiteElo "2395"]
[BlackElo "1911"]
[PlyCount "63"]
[EventDate "2025.04.24"]
[EventType "team-tourn"]
[EventRounds "9"]
[EventCountry "BAN"]
[SourceTitle "CB20_2025"]
[SourceDate "2025.05.14"]
[SourceVersion "1"]
[SourceVersionDate "2025.05.14"]
[SourceQuality "1"]
[WhiteTeam "Leonine CC"]
[BlackTeam "Janata Bank Officer Welfare"]
[WhiteTeamCountry "BAN"]
[BlackTeamCountry "BAN"]

1. d4 Nf6 2. c4 g6 3. Nc3 Bg7 4. e4 d6 5. Nf3 0-0 6. Be2 e5 7. 0-0 Nc6 8. Be3 Ng4 9. Bg5 Bf6 10. Bxf6 Nxf6 11. h3 Kg7 12. Qd2 a6 13. Rad1 Re8 14. dxe5 dxe5 15. Qe3 Qe7 16. Nd5 Nxd5 17. cxd5 Na7 18. Rc1 c6 19. Rfd1 cxd5 20. exd5 Qd6 21. Nd2 Qxd5 22. Nc4 Qe6 23. Nb6 Rb8 24. Nd5 Nc6 25. Nc7 Qe7 26. Nxe8+ Qxe8 27. Bf3 Bd7 28. Rxd7 e4 29. Bxe4 Qxd7 30. Bxc6 Qd6 31. Bf3 Qd7 32. Qe5+ 1-0

[Event "BAN-chT Premier"]
[Site "Dhaka"]
[Date "2025.04.28"]
[Round "5.2"]
[White "Aaryan, Varshney"]
[Black "Tutul, Dhar"]
[Result "1-0"]
[WhiteElo "2395"]
[BlackElo "1980"]
[PlyCount "109"]
[EventDate "2025.04.24"]
[EventType "team-tourn"]
[EventRounds "9"]
[EventCountry "BAN"]
[SourceTitle "CB20_2025"]
[SourceDate "2025.05.14"]
[SourceVersion "1"]
[SourceVersionDate "2025.05.14"]
[SourceQuality "1"]
[WhiteTeam "Leonine CC"]
[BlackTeam "Dipali Memorial CC"]
[WhiteTeamCountry "BAN"]
[BlackTeamCountry "BAN"]

1. d4 Nf6 2. c4 e6 3. Nf3 d5 4. Nc3 Be7 5. Bg5 0-0 6. e3 h6 7. Bh4 Nbd7 8. Rc1 a6 9. cxd5 exd5 10. Bd3 c6 11. 0-0 Re8 12. Bg3 Nf8 13. Ne5 N6d7 14. f4 f6 15. Ng6 Bd6 16. Qf3 Nb6 17. Rfe1 Be6 18. h3 Nxg6 19. Bxg6 Bf7 20. Bxf7+ Kxf7 21. e4 dxe4 22. Nxe4 Bb4 23. Qb3+ Nd5 24. Nc3 Bxc3 25. Qxb7+ Re7 26. Rxe7+ Qxe7 27. Qxe7+ Kxe7 28. bxc3 Kd7 29. c4 Ne7 30. Rb1 Ra7 31. Bf2 Kc8 32. Kf1 Rb7 33. Rxb7 Kxb7 34. Ke2 Kc7 35. Kd3 Nc8 36. f5 Kd7 37. Be1 Ne7 38. Ke4 c5 39. dxc5 Kc6 40. a3 Ng8 41. Bf2 Ne7 42. g4 Ng8 43. Be3 Ne7 44. h4 Ng8 45. h5 Ne7 46. Kd4 Kd7 47. Bf4 Nc6+ 48. Kd5 Ne7+ 49. Ke4 a5 50. Bd6 Nc6 51. Kd5 a4 52. Bf8 Nb4+ 53. axb4 a3 54. c6+ Ke8 55. c7 1-0

[Event "BAN-chT Premier"]
[Site "Dhaka"]
[Date "2025.04.27"]
[Round "4.2"]
[White "Sahib, Singh"]
[Black "Aaryan, Varshney"]
[Result "0-1"]
[WhiteElo "2430"]
[BlackElo "2395"]
[PlyCount "116"]
[EventDate "2025.04.24"]
[EventType "team-tourn"]
[EventRounds "9"]
[EventCountry "BAN"]
[SourceTitle "CB20_2025"]
[SourceDate "2025.05.14"]
[SourceVersion "1"]
[SourceVersionDate "2025.05.14"]
[SourceQuality "1"]
[WhiteTeam "Manha's Castle"]
[BlackTeam "Leonine CC"]
[WhiteTeamCountry "BAN"]
[BlackTeamCountry "BAN"]

1. c4 e5 2. d3 Nf6 3. Nf3 Bb4+ 4. Bd2 Bxd2+ 5. Qxd2 d6 6. g3 Nc6 7. Nc3 Bg4 8. Bg2 Qd7 9. h3 Bf5 10. e4 Be6 11. Nd5 Bxd5 12. exd5 Ne7 13. d4 exd4 14. Nxd4 0-0 15. 0-0 Nf5 16. b4 Nxd4 17. Qxd4 a5 18. a3 axb4 19. axb4 b6 20. g4 h6 21. f4 Rxa1 22. Rxa1 Re8 23. Qd3 Qe7 24. Rc1 Nd7 25. Qd2 Nf8 26. Bf1 Ng6 27. Qd4 Qh4 28. Qf2 Qxf2+ 29. Kxf2 Nxf4 30. Ra1 g5 31. Ra7 Re7 32. c5 bxc5 33. bxc5 Nxd5 34. Bc4 Nf6 35. cxd6 Ne4+ 36. Kf3 Nxd6 37. Bd3 Kg7 38. Ra5 Kf6 39. Ra8 Ke5 40. Rh8 Kd4 41. Bf5 Re3+ 42. Kg2 Nxf5 43. gxf5 Ke5 44. Rxh6 f6 45. h4 g4 46. Rh7 Rc3 47. h5 Kxf5 48. h6 Rh3 49. Rxc7 Rxh6 50. Rc5+ Kf4 51. Rc6 Kg5 52. Ra6 f5 53. Ra5 Rh3 54. Rb5 Rd3 55. Ra5 Kf4 56. Ra4+ Ke5 57. Ra8 Ke4 58. Rf8 Kf4 0-1

[Event "BAN-chT Premier"]
[Site "Dhaka"]
[Date "2025.04.25"]
[Round "2.2"]
[White "Md Aminul, Islam"]
[Black "Aaryan, Varshney"]
[Result "0-1"]
[WhiteElo "1955"]
[BlackElo "2395"]
[PlyCount "74"]
[EventDate "2025.04.24"]
[EventType "team-tourn"]
[EventRounds "9"]
[EventCountry "BAN"]
[SourceTitle "CB20_2025"]
[SourceDate "2025.05.14"]
[SourceVersion "1"]
[SourceVersionDate "2025.05.14"]
[SourceQuality "1"]
[WhiteTeam "Khelaghor Daba Sangah"]
[BlackTeam "Leonine CC"]
[WhiteTeamCountry "BAN"]
[BlackTeamCountry "BAN"]

1. d4 d5 2. Nf3 Nf6 3. c4 c6 4. Nc3 dxc4 5. a4 Bf5 6. e3 e6 7. Bxc4 Bb4 8. 0-0 0-0 9. Nh4 Bg4 10. f3 Bh5 11. g4 Nd5 12. Ng2 Bg6 13. Qb3 a5 14. Rd1 Nb6 15. Be2 c5 16. d5 Qc8 17. dxe6 fxe6 18. e4 c4 19. Qc2 N8d7 20. Be3 Bc5 21. Nb5 Ne5 22. Rf1 Bxe3+ 23. Nxe3 Qc5 24. Qc3 Rad8 25. Kh1 Nd3 26. Nd1 Nf4 27. Qe1 h5 28. gxh5 Bxh5 29. Ndc3 Nxe2 30. Qxe2 Rd3 31. Qf2 Bxf3+ 32. Kg1 Qh5 33. Ne2 Qg5+ 34. Ng3 Rd2 35. Qxf3 Rxf3 36. Rxf3 Nxa4 37. Rxa4 Qxb5 0-1

[Event "Dubai Police op-A"]
[Site "Dubai"]
[Date "2024.05.08"]
[Round "5"]
[White "Injac, Teodora"]
[Black "Aaryan, Varshney"]
[Result "1/2-1/2"]
[WhiteElo "2422"]
[BlackElo "2364"]
[PlyCount "64"]
[EventDate "2024.05.04"]
[EventType "swiss"]
[EventRounds "9"]
[EventCountry "UAE"]
[SourceTitle "CBM 220 Extra"]
[Source "ChessBase"]
[SourceDate "2024.07.31"]
[SourceVersion "1"]
[SourceVersionDate "2024.07.31"]
[SourceQuality "1"]

1. c4 e5 2. g3 Nf6 3. Bg2 d5 4. cxd5 Nxd5 5. Nc3 Nb6 6. Nf3 Nc6 7. 0-0 Be7 8. b3 0-0 9. Bb2 Be6 10. Rc1 f6 11. Ne4 Bd5 12. Nc3 Be6 13. Qc2 Qd7 14. Ne4 Rac8 15. d4 Nxd4 16. Nxd4 exd4 17. Nc5 Bxc5 18. Qxc5 Bd5 19. Qxd4 Bxg2 20. Kxg2 Qe6 21. e4 Rcd8 22. Qe3 Rd7 23. Rfd1 Rfd8 24. Rxd7 Rxd7 25. Re1 h6 26. Re2 c6 27. Bd4 Nd5 28. Qf3 Nf4+ 29. Qxf4 Rxd4 30. Qb8+ Kh7 31. Qxa7 Rxe4 32. Rxe4 Qxe4+ 1/2-1/2